000
00320nam a22001337a 4500
008
170526b xxu||||| |||| 00| 0 eng d
020
_a
9812530703
041
_a
eng
080
_2
9TH
_a
621(075.8)
100
_a
27
101
_a
IM
245
_a
MATERIALS AND PROCESSES IN MANUFACTURING
_c
DEGARMO,E.P
942
_2
udc
_c
BK
999
_c
14447
_d
14447